| 000 | 01143nam a2200325 i 4500 | ||
|---|---|---|---|
| 001 | bg | ||
| 003 | KOSZ 005 | ||
| 005 | 20200219090506.0 | ||
| 008 | 950707s1994 pl f |000 0 pol d | ||
| 020 | _a8386453230 | ||
| 040 |
_cKOSZ 005/HR _dKOSZ 005/HR _eKOSZ 005/HR |
||
| 041 | _apol | ||
| 046 | _k1994 | ||
| 080 | _a69:657.47 | ||
| 080 | _a658.1/.5 | ||
| 080 | _a(075.8) | ||
| 100 | 1 |
_aBortniczuk, Wiaczesław. _eAutor |
|
| 245 | 1 | 0 |
_aPodstawy normowania technicznego i kosztorysowania w budownictwie w warunkach gospodarki rynkowej / _cWiaczesław Bortniczuk, Bogdan Tomaszewski ; Politechnika Łódzka. |
| 260 |
_aŁódź : _bWydaw. PŁ, _c1994. |
||
| 300 |
_a191, [1] s. ; _c24 cm. |
||
| 380 | _aKsiążki | ||
| 504 | _aBibliogr. s. 191-[192]. | ||
| 650 | 4 |
_aNormowanie pracy _xbudownictwo. |
|
| 650 | 4 |
_aBudownictwo _xkoszty _xrachunkowość |
|
| 655 | 4 | _aPodręczniki akademickie | |
| 650 | 4 | _aKalkulacja kosztów | |
| 700 | 1 |
_aTomaszewski, Bogdan. _eAutor |
|
| 856 |
_uhttp://koha.tu.koszalin.pl/cgi-bin/koha/opac-detail.pl?biblionumber=6889 _yKatalog online BPK |
||
| 942 |
_cKS _2UKD |
||
| 999 |
_c6889 _d6889 |
||